Catálogo

CONTROL PRESUPUESTARIO (Registro nro. 43288)

Detalles MARC
000 -LEADER
fixed length control field 00900nam a2200193 a 4500
001 - CONTROL NUMBER
control field 43288
005 - DATE AND TIME OF LATEST TRANSACTION
control field 20180714021744.0
008 - FIXED-LENGTH DATA ELEMENTS--GENERAL INFORMATION
fixed length control field 140415s1998 sp 000 0 spa d
020 ## - INTERNATIONAL STANDARD BOOK NUMBER
International Standard Book Number 8480882417
041 ## - LANGUAGE CODE
Language code of text/sound track or separate title spa
082 ## - DEWEY DECIMAL CLASSIFICATION NUMBER
Classification number 658.154
Item number AMA
100 1# - MAIN ENTRY--PERSONAL NAME
Personal name AMAT I SALAS, JOAN M.
245 10 - TITLE STATEMENT
Title CONTROL PRESUPUESTARIO
250 ## - EDITION STATEMENT
Edition statement 1a ed.
260 ## - PUBLICATION, DISTRIBUTION, ETC.
Place of publication, distribution, etc. ESPAÑA :
Name of publisher, distributor, etc. GESTION 2000, S.A.,
Date of publication, distribution, etc. 1998
300 ## - PHYSICAL DESCRIPTION
Extent 173
Dimensions x 16 x 22
520 ## - SUMMARY, ETC.
Summary, etc. EN ESTE LIBRO SE PRESENTAN, CON UNA ORIENTACION CLARAMENTE PRACTICA, LA FILOSOFIA Y LOS DIFERENTES PROCEDIMIENTOS Y TECNICAS PARA LA ELABORACION DEL PROCESO PRESUPUESTARIO, ASI COMO PARA LA REALIZACION DEL ANALISIS DE DESVIACIONES. SE PRESENTA DOS CASOS ESPECIFICOS QUE CORRESPONDEN A UNA EMPRESA DEL SECTOR DE SERVICIOS Y COMERCIAL Y A UNA EMPRESA INDUSTRIAL.
650 14 - SUBJECT ADDED ENTRY--TOPICAL TERM
Topical term or geographic name entry element CONTABILIDAD DE COSTOS
General subdivision CONTABILIDAD FINANCIERA
-- ECONOMIA
-- PRESUPUESTO
Existencias
Withdrawn status Lost status Source of classification or shelving scheme Damaged status Not for loan Collection code Home library Current library Shelving location Date acquired Source of acquisition Inventory number Total Checkouts Total Renewals Full call number Barcode Date last seen Date last checked out Price effective from Koha item type
    Dewey Decimal Classification     General Biblioteca Karol Wojtyla Biblioteca Karol Wojtyla Sala general 03/12/2013 Compra 151000000000000000022177 1 1 658.154 AMA 65121 05/01/2026 04/04/2024 03/12/2013 Libro